banner-ar

داليا وسمسم فى بلاد العجائب (شرائط فيديو) : (Record no. 33921)

MARC details
000 -الفاتح
حقل البيانات ثابتة الطول 00664nam a2200169Ia 4500
008 - عناصر البيانات ثابتة الطول - معلومات عامة
حقل البيانات ثابتة الطول 140319s9999 xx 000 0 ara d
040 ## - مصدر الفهرسة
وكالة الفهرسة الأصلية GCL /
وكالة النسخ GCL
082 04 - رقم تصنيف ديوى العشرى
رقم التصنيف ش ف
رقم المادة 791.43
-- ا د
100 1# - المدخل الرئيسى - إسم شخصى
الإسم الشخصى احمد الاتربى
245 10 - بيان العنوان
العنوان داليا وسمسم فى بلاد العجائب (شرائط فيديو) :
بقية العنوان مغامرات .. طرائف .. غرائب.. عجائب /
بيان المسئوليه,etc احمد الاتربى
260 ## - PUBLICATION, DISTRIBUTION, ETC. (IMPRINT)
تاريخ النشر أو التوزيع 1990
300 ## - الوصف المادى
التعداد 1 شريط:
تفاصيل ماديه اخرى للوعاء لو ؛
أبعاد الوعاء 1\2 بوصة
650 04 - المدخل الاضافى بالموضوع-مصطلح موضوعى
مصطلح موضوعي الفيديو، أشرطة
650 04 - المدخل الاضافى بالموضوع-مصطلح موضوعى
مصطلح موضوعي التسجيلات المرئية
942 ## - عناصر المدخل الإضافي( كوها)
مصدر التصنيف او مخطط الترفيف Dewey Decimal Classification
Koha [default] item type المواد السمعية والبصرية
260 ## - PUBLICATION, DISTRIBUTION, ETC. (IMPRINT)
-- القاهرة :
-- حورس للفيديو والسينما ،
Holdings
حالة التراجع حالة الفقد حالة تلف ليس للاعارة المكان المؤقت الموقع الحالى تاريخ الاكتساب اجمالي اﻻعارات رقم الطلب الباركود تاريخ اخر مشاهدة تاريخ تفعيل السعر نوع وعاء كوها
        مكتبة القاهرة الكبرى مكتبة القاهرة الكبرى 03/26/2014   ش ف\791.43\ ا د 80542 03/26/2014 03/26/2014 المواد السمعية والبصرية
        مكتبة القاهرة الكبرى مكتبة القاهرة الكبرى 03/26/2014   ش ف\791.43\ ا د 80543 03/26/2014 03/26/2014 المواد السمعية والبصرية
        مكتبة القاهرة الكبرى مكتبة القاهرة الكبرى 03/26/2014   ش ف\791.43\ ا د 80544 03/26/2014 03/26/2014 المواد السمعية والبصرية
        مكتبة القاهرة الكبرى مكتبة القاهرة الكبرى 03/26/2014   ش ف\791.43\ ا د 80545 03/26/2014 03/26/2014 المواد السمعية والبصرية
        مكتبة القاهرة الكبرى مكتبة القاهرة الكبرى 03/26/2014   ش ف\791.43\ ا د 80546 03/26/2014 03/26/2014 المواد السمعية والبصرية
        مكتبة القاهرة الكبرى مكتبة القاهرة الكبرى 03/26/2014   ش ف\791.43\ ا د 80547 03/26/2014 03/26/2014 المواد السمعية والبصرية

Powered By

EGPV